Pakistan Army Green Book 2016/ (Record no. 610532)
[ view plain ]
| 000 -LEADER | |
|---|---|
| fixed length control field | 00276nam a22000977a 4500 |
| 082 ## - DEWEY DECIMAL CLASSIFICATION NUMBER | |
| Classification number | 954.9355 |
| Author Mark | GHQ |
| 245 ## - TITLE STATEMENT | |
| Title | Pakistan Army Green Book 2016/ |
| Statement of responsibility, etc. | GHQ; General Headquarters: |
| 260 ## - PUBLICATION, DISTRIBUTION, ETC. | |
| Place of publication, distribution, etc. | GHQ; General Headquarters : |
| Name of publisher, distributor, etc. | Rawalpindi, |
| Date of publication, distribution, etc. | 2017. |
| 300 ## - PHYSICAL DESCRIPTION | |
| Extent | 168p. : |
| 942 ## - ADDED ENTRY ELEMENTS (KOHA) | |
| Source of classification or shelving scheme | |
| Koha item type | Reference |
| Withdrawn status | Lost status | Source of classification or shelving scheme | Damaged status | Not for loan | Permanent Location | Current Location | Date acquired | Full call number | Barcode | Date last seen | Price effective from | Koha item type |
|---|---|---|---|---|---|---|---|---|---|---|---|---|
| Central Library (CL) | Central Library (CL) | 07/22/2024 | 355.0095491 GHQ | S-5454 | 07/22/2024 | 07/22/2024 | Reference |
